| 000 | 00432nam a22001217a 4500 | ||
|---|---|---|---|
| 008 | 230720b |||||||| |||| 00| 0 eng d | ||
| 040 |
_aNational Science Library _cNational Science Library |
||
| 100 | 1 |
_aKolstad, G A _912780 |
|
| 245 |
_aPulsed high intensity fission neutron sources _c/ US Atomic Energy Commission Washington, D.C. |
||
| 260 |
_aWashington: _bUS Department of Commerce, _c1965 |
||
| 300 | _a138p. | ||
| 942 |
_2udc _cREF |
||
| 999 |
_c53951 _d53951 |
||